01013cam a22003014a 45000010009000000050017000090080041000260100017000670200028000840200031001120350023001430350020001660400044001860410008002300420008002380430012002460800021002580820025002791000007003041010008003112450104003192460043004235040051004669060045005179420012005629990017005749520120005911390103920180215033645.0050316s2006 njua b 001 0 eng  a 2005045931 a0131851292 (alk. paper) a9780131851290 (alk. paper) a(OCoLC)ocm58546155 a(OCoLC)58546155 aDLCcDLCdBAKERdC#PdBTCTAdYDXCPdDLC aeng apcc an-us--- a657.83500973 FRE00a657.83500973 FRE2221 a62 aAUD10aGovernmental and nonprofit accounting :cRobert J. Freeman, Craig D. Shoulders, Gregory S. Allison.3 aGovernmental and non profit accounting aIncludes bibliographical references and index. a7bcbccorignewd1eocipf20gy-gencatlg 2ddccBK c42575d42575 00102udc40708PËKGa002b002cPËKGd2018-02-15l0o657.83500973 FREp002-2998548r2018-02-15w2018-02-15yBK